|
|
|
|
| LEADER |
00000cam a2200000 7i4500 |
| 001 |
0000003130 |
| 002 |
000003386 |
| 005 |
20161214.0 |
| 020 |
|
|
|a 9678903431
|
| 090 |
0 |
0 |
|a 346.077
|b MAL
|
| 110 |
2 |
|
|a Malaysia
|
| 240 |
0 |
0 |
|a Laws, etc
|
| 245 |
0 |
0 |
|a Akta Penghutang,1957(Akta 256) .
|p Debtors Act,1957 (Act 256)
|c disusun oleh Lembaga Penyelidikan Undang-Undang
|
| 260 |
|
|
|a Kuala Lumpur :
|b ILBS ,
|c 1992
|
| 300 |
|
|
|a 31p. ;
|c 22cm.
|
| 490 |
0 |
|
|a Undang-Undang Malaysia
|
| 500 |
|
|
|a Hingga 5hb Mac 1992
|
| 650 |
0 |
0 |
|a Debtors act
|z Malaysia
|
| 999 |
|
|
|a 036693
|b BUKU
|c AKTA
|e PERPUSTAKAAN KOMUNITI PETALING JAYA
|